| 000 | 00360pam a2200157a 44500 | ||
|---|---|---|---|
| 008 | 230515b1999 xxu||||| |||| 00| 0 eng d | ||
| 020 | _aNULL | ||
| 041 | _aENG | ||
| 082 | _aNULL | ||
| 100 | _aPATEL K M | ||
| 245 | _aNAAC ACCCREDITATION OF HIGHER EDUCATION | ||
| 250 | _a0 | ||
| 260 |
_aNULL _bMARK PUBLISHISHER _c1999 |
||
| 300 | _a2005 | ||
| 650 | _aNULL | ||
| 999 |
_c477211 _d477211 |
||